000 004630000a22001930004500
001 002301
003 MACL
005 20151206122637.0
008 151206b xxu||||| |||| 00| 0 eng d
040 _aMACL
_cMACL
041 _aEnglish
082 _a742
100 _aMalik, Shivani
_919483
245 _aLets Learn And Discover Verbs
_cShivani Malik
260 _aHar Anand,
_c2007
350 _a30
650 _aChildren's Book
_919495
942 _k742
_cBK
_2ddc
999 _c14213
_d14213